000 00526nam a2200205Ia 4500
003 GCL
008 140319s9999 xx 000 0 eng d
040 _aGCL /
_cGCL
082 0 4 _a909.03
_bL D
100 1 _aLENMAN, BRUCE P
245 1 0 _aDICTIONARY OF WORLD HISTORY /
_cLENMAN, BRUCE P
700 1 _aBOYD, KATHARINE
260 _a[S.N] :
_bCHAMBERS ،
_c1994
300 _a1008 P
650 0 4 _aDICTIONARIES
650 0 4 _aHISTORY
650 0 4 _aWORLD HISTORY
650 0 4 _aWORLD HISTORY - DICTIONARY
942 _2ddc
_cBK
999 _c13519
_d13519